MARC

LEADER 00000nam0a2200000 4500
001 158830
005 20231101222050.0
010 |a 5020298174 
020 |a RU  |b 91-34692 
035 |a (RuTPU)RU\TPU\book\172259 
090 |a 158830 
100 |a 20090428d1991 m a0rusy5003 ca 
101 0 |a rus 
102 |a RU 
105 |a y z 001zy 
200 1 |a Магистральные свойства моделей экономической динамики с потреблением  |f Н. П. Дементьев  |g Академия наук СССР (АН СССР), Сибирское отделение (СО), Институт экономики и организации промышленного производства (ИЭОПП) ; отв. ред. В. П. Бусыгин 
210 |a Новосибирск  |c Наука  |d 1991 
215 |a 167 с. 
320 |a Библиогр.: с. 164-166. 
606 1 |a Экономика  |x Математические методы  |2 stltpush  |3 (RuTPU)RU\TPU\subj\80754  |9 88355 
610 1 |a математические методы 
610 1 |a экономическая динамика 
610 1 |a потребление 
686 |a Ув631  |2 rubbk 
700 1 |a Дементьев  |b Н. П.  |g Николай Павлович 
702 1 |a Бусыгин  |b В. П.  |4 340 
712 0 2 |a Академия наук СССР (АН СССР)  |b Сибирское отделение (СО)  |b Институт экономики и организации промышленного производства (ИЭОПП)  |c (Новосибирск)  |2 stltpush  |3 (RuTPU)RU\TPU\col\12174 
801 0 |a RU  |b RuMRKP  |c 19950417  |g psbo 
801 1 |a RU  |b 63413507  |c 20090428  |g PSBO 
801 2 |a RU  |b 63413507  |c 20220908  |g PSBO 
942 |c BK